000 00279nam a2200109Ia 4500
008 200302s9999 xx 000 0 und d
100 _aDean A. Fales, Jr
245 _aThe Furniture of Historic Deerfield
260 _bE. P. Dutton and Co., Inc.,
260 _c1976
300 _a294 P.,
999 _c406
_d406